LEADER 00897nam a22002411i 4500 001 991003304509707536 005 20040323122122.0 008 040802s1909 it a||||||||||||||||ita 035 $ab13055215-39ule_inst 035 $aARCHE-100782$9ExL 040 $aBiblioteca Interfacoltà$bita$cA.t.i. Arché s.c.r.l. Pandora Sicilia s.r.l. 082 04$a001.2094 100 1 $aOrano, Paolo$0306849 245 12$aI moderni :$bmedaglioni /$cdi Paolo Orano 260 $aMilano :$bF.lli Treves,$c1909- 300 $av. :$bill. ;$c20 cm 650 4$aIntellettuali$zEuropa$ySec. 18.-20. 907 $a.b13055215$b02-04-14$c05-08-04 912 $a991003304509707536 945 $aLE002 Fondo Giudici B 427$g1$i2002000289544$lle002$nV. 2. - C. 1$o-$pE0.00$q-$rn$so $t0$u0$v0$w0$x0$y.i13680080$z05-08-04 996 $aModerni$9286267 997 $aUNISALENTO 998 $ale002$b05-08-04$cm$da $e-$fita$git $h2$i1 LEADER 02447nam 22004813 450 001 9911011295003321 005 20250418080313.0 010 $a3-11-133556-9 035 $a(CKB)36539249900041 035 $a(MiAaPQ)EBC32006028 035 $a(Au-PeEL)EBL32006028 035 $a(NjHacI)9936539249900041 035 $a(OCoLC)1515462080 035 $a(EXLCZ)9936539249900041 100 $a20250418d2024 uy 0 101 0 $aeng 135 $aur||||||||||| 181 $ctxt$2rdacontent 182 $cc$2rdamedia 183 $acr$2rdacarrier 200 10$aDisplacing and Displaying the Objects of Others $eThe Materiality of Identity and Depots of Global History 205 $a1st ed. 210 1$aBasel/Berlin/Boston :$cWalter de Gruyter GmbH,$d2024. 210 4$dİ2025. 215 $a1 online resource (0 pages) 225 1 $aEuropean Colonialism in Global Perspective Series ;$vv.3 311 08$a3-11-099664-2 327 $aIntro -- Contents -- Introduction -- Displacing/Displaying the Objects of Others: Towards a Holistic Approach in (Post-)Colonial Provenance Research -- Research Chapters -- The Cameroon Collection in the Übersee- Museum: Constellations of Actors and the Consequences of Collecting -- Settler Colonialism and Collecting for Museums: The Namibia Collection in Bremen's Übersee-Museum (1880s to 1970s) -- Fighting Fictions - Producing 'Truths': Tracing the Discursive Struggles Over the 'Benin Bronzes' -- 'Trophy Colonialism' and the East African Collections in the Übersee-Museum Bremen, 1882-1939 -- Outlook -- 'Terms' of Trade, and the Acquisition of Cultural Properties. A Reflection from Tanzania on Terminology in European Museums -- Acknowledgements. 330 $aDisplacing and Displaying the Objects of Others is a thought-provoking collection that brings together a diverse range of contributions inspired by research from the "Hamburg's (post-)colonial legacy" research center. 410 0$aEuropean Colonialism in Global Perspective Series 606 $aMaterial culture$xHistory 615 0$aMaterial culture$xHistory. 676 $a306.46 700 $aZimmerer$b Ju?rgen 701 $aTodzi$b Kim Sebastian$01434719 701 $aOdenwald$b Friederike$01815550 801 0$bMiAaPQ 801 1$bMiAaPQ 801 2$bMiAaPQ 906 $aBOOK 912 $a9911011295003321 996 $aDisplacing and Displaying the Objects of Others$94370791 997 $aUNINA